Privatization in transition countries lessons of the first decade

Enregistré dans:
Détails bibliographiques
Auteur principal: Havrylyshyn, Oleh
Autres auteurs: McGettigan, Donal
Format: Livre
Langue:anglais
Publié: Washington International Monetary Fund 1999
Collection:Economic issues 18
Sujets:
Tags: Ajouter un tag
Pas de tags, Soyez le premier à ajouter un tag!

MARC

LEADER 00000nam a2200000 4500
001 c114003
005 20221221083319.4
020 |a 1-55775-831-X 
022 |a 1020-5098 
041 0 |a eng 
044 |a US 
245 1 0 |a Privatization in transition countries  |b lessons of the first decade  |c Oleh Havrylyshyn, Donal McGettigan 
264 1 |a Washington  |b International Monetary Fund  |c 1999 
300 |a 16 s. 
490 1 |a Economic issues  |v 18 
830 0 |a Economic issues  |v 18 
610 2 0 |a privatizácia 
610 2 0 |a transformácia 
610 2 0 |a reformy hospodárske 
610 2 0 |a obdobie prechodné 
610 2 0 |a konkurencia 
610 2 0 |a trh 
610 2 0 |a SVE 
100 1 |a Havrylyshyn, Oleh 
700 1 |a McGettigan, Donal